000 00742nam a2200241 i 4500
001 bgj
245 0 0 _aThe Communicative Approach to Language Teaching /
_cedited by C. J. Brumfit and K. Johnson.
250 _a[7th impr.].
260 _aOxford [etc.] :
_bOxford University Press,
_c1991.
300 _aX, 243 pp :
_bfig. ;
_c22 cm.
504 _aBibliography p. 227-238.
505 _aIncludes index.
650 9 _aLanguage and languages
_xStudy and teaching
655 _aAddresses, essays, lectures
700 1 _aBRUMFIT, C. J.
_eed.
700 1 _aJOHNSON, K.
_eed.
020 _a019437078X (pbk)
040 _cBPK
041 0 _aeng
920 _a0-19-437078-X (pbk)
942 _cKS
008 s uk f |000 0 eng
999 _c48084
_d48084
856 _uhttp://koha.tu.koszalin.pl/cgi-bin/koha/opac-detail.pl?biblionumber=48084
_yKatalog online BPK